Hydraulics and Pneumatics (Record no. 344907)

MARC details
000 -LEADER
fixed length control field 00463nam a2200169Ia 4500
008 - FIXED-LENGTH DATA ELEMENTS--GENERAL INFORMATION
fixed length control field 230718s9999 xx 000 0 und d
020 ## - INTERNATIONAL STANDARD BOOK NUMBER
International Standard Book Number 9789384588908
041 ## - LANGUAGE CODE
Language code of text/sound track or separate title eng
082 ## - DEWEY DECIMAL CLASSIFICATION NUMBER
Classification number 621.51
Item number JAG
100 ## - MAIN ENTRY--PERSONAL NAME
Personal name Jagadeesha T.
245 ## - TITLE STATEMENT
Title Hydraulics and Pneumatics
260 ## - PUBLICATION, DISTRIBUTION, ETC. (IMPRINT)
Date of publication, distribution, etc. 2015
Name of publisher, distributor, etc. I.K. International
300 ## - PHYSICAL DESCRIPTION
Extent 427
Accompanying material [OBSOLETE, CAN/MARC] Ref 182 M (56113)
365 ## - TRADE PRICE
Currency code Rs.
Price amount 395.00
700 ## - ADDED ENTRY--PERSONAL NAME
Personal name Jagadeesha T.
906 ## - LOCAL DATA ELEMENT F, LDF (RLIN)
d O:0559105-Jul-2017B:IN9910-Jun-2017
c MECH
b 197.5
Holdings
Withdrawn status Lost status Damaged status Not for loan Home library Current library Date acquired Vendor Budget Code Cost, normal purchase price Bill number Total Checkouts Full call number Barcode Date last seen Date last checked out Discount Cost, replacement price Bill Date Koha item type Original Barcode
        Cummins College of Engineering for Women Pune Cummins College of Engineering for Women Pune 05/07/2017 Pradeep Book Distributors MECH 296.25 IN99 12 621.51 CCEP-BK-56114 15/12/2025 11/11/2025 197.5 395.00 10/06/2017 Books 056114